000 00785nam a2200193Ia 4500
005 20240530110953.0
008 140319s1995 xx 000 0 ara d
040 _aGCL /
_cGCL
082 0 4 _a658 /
_bس ا
100 1 _aسعيد يس عامر
245 1 0 _aالادارة وسرعة التغيير /
_cسعيد يس عامر
260 _aالقاهرة :
_bمركز وايد سيرفيس للاستشارات والتطوير الادارى ،
_c1995
300 _a695 ص؛
_c24 سم
504 _aالمؤتمر السنوى الخامس فكرجديد تجرب رائدة دعوة صادقة الادارة وسرعة التغيير
650 0 4 _aالادارة
650 0 4 _aاتفاقية الجات
942 _2ddc
_cBK
999 _c67045
_d67045